Copland habla sobre música
Saved in:
| Hovedforfatter: | |
|---|---|
| Format: | Bog |
| Sprog: | spansk |
| Udgivet: |
Buenos Aires
Ediciones Siglo Veinte
1967
|
| Udgivelse: | 1a. ed |
| Fag: | |
| Tags: |
Tilføj Tag
Ingen Tags, Vær først til at tagge denne postø!
|
MARC
| LEADER | 00000cam a2200000 a 4500 | ||
|---|---|---|---|
| 001 | UCE2874 | ||
| 003 | CL-VaPUC | ||
| 008 | 140731e19670000ag |||||||||||||||||spa|d | ||
| 082 | 0 | 4 | |a 781.424 |b COP |2 21 |
| 100 | 0 | |a Copland, Aaron |e author |9 458390 | |
| 245 | 1 | 0 | |a Copland habla sobre música |
| 250 | |a 1a. ed | ||
| 300 | |a 211 p | ||
| 942 | |c BK | ||
| 945 | |d 20140731 15:45:00 |a dcastane | ||
| 260 | |a Buenos Aires |b Ediciones Siglo Veinte |c 1967 | ||
| 650 | 0 | |a Música |9 306269 | |
| 650 | 0 | |a Enseñanza de la música |9 339802 | |
| 650 | 0 | |a Teoría musical |9 265760 | |
| 583 | |a last modification |c 20140731 15:45:00 |k Rodrigo Vera | ||
| 999 | |c 356414 |d 356412 | ||
| 952 | |0 0 |1 0 |3 erb |4 0 |6 781_424000000000000_COP_1967 |7 0 |8 A |9 463755 |a BIBART |b BIBART |i 5048907 |o 781.424 COP 1967 |p 5048907 |r 2025-03-13 |w 2019-11-23 |y BK |z Catalogado en:20140731 |k ART | ||